Синтез сиалонсодержащих композиций на основе ферросиликоалюминия с добавками оксидов методом СВС и технология материалов на их основе: автореферат диссертации на соискание ученой степени кандидата технических наук; спец. 2.6.14
| Κύριος συγγραφέας: | |
|---|---|
| Συγγραφή απο Οργανισμό/Αρχή: | |
| Άλλοι συγγραφείς: | , |
| Περίληψη: | Заглавие с титульного экрана Электронная версия печатной публикации Защита сост. 21.11.2023 |
| Γλώσσα: | Ρωσικά |
| Έκδοση: |
Томск, 2023
|
| Θέματα: | |
| Διαθέσιμο Online: | https://earchive.tpu.ru/handle/11683/77040 |
| Μορφή: | Ηλεκτρονική πηγή Βιβλίο |
| KOHA link: | https://koha.lib.tpu.ru/cgi-bin/koha/opac-detail.pl?biblionumber=379364 |
MARC
| LEADER | 00000nlm0a2200000 4500 | ||
|---|---|---|---|
| 001 | 379364 | ||
| 005 | 20240701095057.0 | ||
| 035 | |a (RuTPU)RU\TPU\retro\36831 | ||
| 035 | |a RU\TPU\retro\36783 | ||
| 090 | |a 379364 | ||
| 100 | |a 20230928d2023 k y0rusy50 ca | ||
| 101 | 0 | |a rus | |
| 102 | |a RU | ||
| 105 | |a a dm 000zy | ||
| 135 | |a drcn ---uucaa | ||
| 181 | 0 | |a i | |
| 182 | 0 | |a b | |
| 200 | 1 | |a Синтез сиалонсодержащих композиций на основе ферросиликоалюминия с добавками оксидов методом СВС и технология материалов на их основе |e автореферат диссертации на соискание ученой степени кандидата технических наук |e спец. 2.6.14 |f А. А. Регер |g Национальный исследовательский Томский политехнический университет ; науч. рук. К. А. Болгару ; науч. конс. В. И. Верещагин | |
| 203 | |a Текст |c электронный | ||
| 210 | 1 | |a Томск |d 2023 | |
| 215 | |a 1 файл (1 666 КБ) | ||
| 300 | |a Заглавие с титульного экрана | ||
| 300 | |a Электронная версия печатной публикации | ||
| 300 | |a Защита сост. 21.11.2023 | ||
| 452 | |0 379499 |9 379499 |a Регер, А. А. |c Томск |d 2023 |n [Б. и.] |o автореферат диссертации на соискание ученой степени кандидата технических наук |p 24 с. |t Синтез сиалонсодержащих композиций на основе ферросиликоалюминия с добавками оксидов методом СВС и технология материалов на их основе | ||
| 606 | 1 | |a Сиалоны |9 88590 | |
| 610 | 1 | |a электронный ресурс | |
| 610 | 1 | |a авторефераты диссертаций | |
| 610 | 1 | |a сиалон | |
| 610 | 1 | |a композиты | |
| 610 | 1 | |a самораспространяющийся высокотемпературный синтез | |
| 610 | 1 | |a СВС | |
| 610 | 1 | |a сиалоновые материалы | |
| 610 | 1 | |a азотирование | |
| 610 | 1 | |a ферросиликоалюминий | |
| 610 | 1 | |a дисперсные оксиды | |
| 610 | 1 | |a дисперсные оксидные материалы | |
| 610 | 1 | |a кремний | |
| 610 | 1 | |a алюминий | |
| 610 | 1 | |a синтез | |
| 610 | 1 | |a сиалонсодержащие композиции | |
| 610 | 1 | |a исследования | |
| 610 | 1 | |a исследования | |
| 610 | 1 | |a горение | |
| 610 | 1 | |a кремнеземы | |
| 610 | 1 | |a маршалиты | |
| 610 | 1 | |a микрокремнеземы | |
| 610 | 1 | |a алюмосиликаты | |
| 610 | 1 | |a каолины | |
| 610 | 1 | |a активация | |
| 610 | 1 | |a добавки | |
| 610 | 1 | |a труды учёных ТПУ | |
| 675 | |a 666.65(04) |v 4 | ||
| 686 | |a 05.17.11 |2 oksvnk | ||
| 700 | 1 | |a Регер |b А. А. |g Антон Андреевич | |
| 702 | 1 | |a Болгару |b К. А. |g Константин Александрович |4 727 | |
| 702 | 1 | |a Верещагин |b В. И. |c химик-технолог |c профессор Томского политехнического университета, доктор технических наук |f 1942- |g Владимир Иванович |3 (RuTPU)RU\TPU\pers\19774 |4 695 |9 7712 | |
| 712 | 0 | 2 | |a Национальный исследовательский Томский политехнический университет |c (2009- ) |3 (RuTPU)RU\TPU\col\15902 |9 26305 |
| 801 | 2 | |a RU |b 63413507 |c 20231004 |g RCR | |
| 856 | 4 | |u https://earchive.tpu.ru/handle/11683/77040 | |
| 942 | |c CF | ||